[Event "Mittelfrank Regionalliga Nord-Ost 2223"]
[Site "Mittelfranken"]
[Date "2022.10.09"]
[Round "1.8"]
[White "Dajakaj, Kastriot"]
[Black "Paul, Arthur"]
[Result "0-1"]
[WhiteElo "1628"]
[BlackElo "1852"]
[PlyCount "86"]
[EventDate "2022.10.09"]
[EventType "team-tourn"]
[EventRounds "9"]
[EventCountry "GER"]
[SourceTitle "EXT 2024"]
[Source "ChessBase"]
[SourceDate "2023.10.10"]
[SourceVersion "1"]
[SourceVersionDate "2023.10.10"]
[SourceQuality "1"]
[WhiteTeam "Buechenbach/Roth"]
[BlackTeam "Nuernberg Sued SW II"]
[WhiteTeamCountry "GER"]
[BlackTeamCountry "GER"]

1. d4 Nf6 2. c4 e6 3. Nf3 d5 4. Nc3 Bb4 5. Bg5 h6 6. Bh4 c5 7. e3 Qa5 8. Qc2 Ne4 9. Rc1 Bd7 10. Nd2 cxd4 11. exd4 Nxd2 12. Qxd2 Nc6 13. Be2 0-0 14. 0-0 e5 15. dxe5 d4 16. a3 dxc3 17. bxc3 Bxa3 18. Ra1 Be6 19. Qa2 Qxe5 20. Bg3 Qxc3 21. Qxa3 Qxa3 22. Rxa3 Nd4 23. Bd3 Rfc8 24. Rb1 a5 25. Be4 Ne2+ 26. Kf1 Bxc4 27. Bd3 Nxg3+ 28. hxg3 b5 29. Bxc4 bxc4 30. Rc1 Rc5 31. Rcc3 Re8 32. Ra4 Re4 33. f3 Rd4 34. Kf2 Rd2+ 35. Ke3 Rxg2 36. g4 Rb2 37. Kd4 Rcb5 38. Rcxc4 R2b4 39. Raxb4 Rxb4 40. Rxb4 axb4 41. Kc4 Kh7 42. Kxb4 Kg6 43. f4 h5 0-1

[Event "Mittelfranken-chTB2b 1920"]
[Site "Mittelfranken"]
[Date "2020.02.02"]
[Round "5.8"]
[White "Paul, Arthur"]
[Black "Dallmann, Wolfhart"]
[Result "1/2-1/2"]
[WhiteElo "1839"]
[BlackElo "1679"]
[PlyCount "128"]
[EventDate "2019.10.13"]
[EventType "team-tourn"]
[EventRounds "9"]
[EventCountry "GER"]
[SourceTitle "EXT 2023"]
[Source "ChessBase"]
[SourceDate "2022.10.05"]
[SourceVersion "1"]
[SourceVersionDate "2022.10.05"]
[SourceQuality "1"]
[WhiteTeam "Nuernberg Sued SW III"]
[BlackTeam "Stein SC"]
[WhiteTeamCountry "GER"]
[BlackTeamCountry "GER"]

1. e4 e5 2. Nf3 Nc6 3. Bb5 d6 4. d4 exd4 5. Nxd4 Bd7 6. Nxc6 Bxc6 7. Bxc6+ bxc6 8. 0-0 Be7 9. Nc3 Nf6 10. Qe2 0-0 11. Bf4 Nd7 12. Rad1 Qc8 13. Rfe1 Bf6 14. Qc4 Qb7 15. b3 Rad8 16. Ne2 Qb5 17. Qxb5 cxb5 18. Nd4 Bxd4 19. Rxd4 Rfe8 20. Red1 Ne5 21. f3 f6 22. Rd5 Rb8 23. h3 a6 24. R1d4 Nc6 25. Rd1 Nb4 26. R5d2 Ra8 27. c3 Nc6 28. Rc2 Ne5 29. c4 bxc4 30. Bxe5 dxe5 31. Rxc4 Re7 32. Rdc1 Ra7 33. Rd1 Kf7 34. Rd5 Ke8 35. Rc1 Rd7 36. Kf2 Rb7 37. Ke3 Ke7 38. Rc4 Rd6 39. Rcc5 Kd7 40. Kd3 Rbb6 41. Kc4 c6 42. Rxd6+ Kxd6 43. b4 Rb8 44. a4 Rb7 45. b5 cxb5+ 46. axb5 axb5+ 47. Rxb5 Rc7+ 48. Kd3 Ke6 49. Kd2 Ra7 50. Ke2 Rc7 51. Kf2 Kf7 52. Kg3 Kg6 53. Kg4 h6 54. Rd5 Ra7 55. h4 h5+ 56. Kg3 Re7 57. Kf2 Ra7 58. Kg3 Rc7 59. Rd8 Kh7 60. Kh3 Rc3 61. Kg3 Rb3 62. Kh3 Rc3 63. Kg3 Rb3 64. Kh3 Rc3 1/2-1/2

[Event "Mittelfranken-chTB2b 1920"]
[Site "Mittelfranken"]
[Date "2020.01.12"]
[Round "4.8"]
[White "Kreiner, Daniel"]
[Black "Paul, Arthur"]
[Result "0-1"]
[WhiteElo "1492"]
[BlackElo "1839"]
[PlyCount "60"]
[EventDate "2019.10.13"]
[EventType "team-tourn"]
[EventRounds "9"]
[EventCountry "GER"]
[SourceTitle "EXT 2023"]
[Source "ChessBase"]
[SourceDate "2022.10.05"]
[SourceVersion "1"]
[SourceVersionDate "2022.10.05"]
[SourceQuality "1"]
[WhiteTeam "Grossenseebach"]
[BlackTeam "Nuernberg Sued SW III"]
[WhiteTeamCountry "GER"]
[BlackTeamCountry "GER"]

1. e4 c5 2. c3 e6 3. d4 b6 4. f4 Bb7 5. Bd3 d5 6. e5 Nc6 7. Nf3 Nge7 8. 0-0 Nf5 9. Bxf5 exf5 10. Qd3 Qd7 11. Na3 g6 12. Re1 Nd8 13. Nb5 Ne6 14. b3 a6 15. Na3 Be7 16. Nc2 Rc8 17. Be3 0-0 18. c4 dxc4 19. bxc4 Be4 20. Qd2 Bxf3 21. gxf3 cxd4 22. Nxd4 Nxd4 23. Qxd4 Qxd4 24. Bxd4 Rxc4 25. Bxb6 Rxf4 26. Kg2 Rb8 27. Rab1 Rb4 28. Rxb4 Bxb4 29. Rb1 Rxb6 30. a3 Bc5 0-1

[Event "Mittelfranken-chTB2b 1920"]
[Site "Mittelfranken"]
[Date "2019.10.13"]
[Round "1.8"]
[White "Nuesslein, Christian"]
[Black "Paul, Arthur"]
[Result "0-1"]
[WhiteElo "1600"]
[BlackElo "1839"]
[PlyCount "54"]
[EventDate "2019.10.13"]
[EventType "team-tourn"]
[EventRounds "9"]
[EventCountry "GER"]
[SourceTitle "EXT 2023"]
[Source "ChessBase"]
[SourceDate "2022.10.05"]
[SourceVersion "1"]
[SourceVersionDate "2022.10.05"]
[SourceQuality "1"]
[WhiteTeam "Nuernberg Anderssen"]
[BlackTeam "Nuernberg Sued SW III"]
[WhiteTeamCountry "GER"]
[BlackTeamCountry "GER"]

1. b4 e6 2. Bb2 Nf6 3. b5 d5 4. e3 c5 5. c4 Be7 6. d4 0-0 7. Nc3 b6 8. cxd5 exd5 9. Be2 Bb7 10. Bf3 Re8 11. dxc5 bxc5 12. Nge2 a6 13. a4 axb5 14. axb5 Rxa1 15. Qxa1 Qb6 16. 0-0 d4 17. exd4 Bxf3 18. dxc5 Bxc5 19. gxf3 Nbd7 20. Qa6 Qc7 21. Rc1 Ne5 22. Kg2 Nd3 23. Rc2 Nb4 24. Qa4 Nxc2 25. Qxc2 Bd6 26. Qb3 Qc5 27. Nd1 Rxe2 0-1

[Event "Mittelfranken-chTB2b 1819"]
[Site "Mittelfranken"]
[Date "2019.03.31"]
[Round "8.5"]
[White "Kreiner, Daniel"]
[Black "Paul, Arthur"]
[Result "0-1"]
[WhiteElo "1427"]
[BlackElo "1800"]
[PlyCount "66"]
[EventDate "2018.10.14"]
[EventType "team-tourn"]
[EventRounds "9"]
[EventCountry "GER"]
[SourceTitle "EXT 2022"]
[Source "ChessBase"]
[SourceDate "2021.10.06"]
[SourceVersion "1"]
[SourceVersionDate "2021.10.06"]
[SourceQuality "1"]
[WhiteTeam "Grossenseebach"]
[BlackTeam "Nuernberg Sued SW III"]
[WhiteTeamCountry "GER"]
[BlackTeamCountry "GER"]

1. e4 c5 2. c3 g6 3. d4 cxd4 4. cxd4 Bg7 5. f4 d5 6. e5 Nc6 7. Nf3 Nh6 8. Nc3 0-0 9. Be2 Nf5 10. 0-0 e6 11. Qd2 Nfxd4 12. Nxd4 Qb6 13. Rd1 f6 14. Kh1 fxe5 15. fxe5 Bxe5 16. Nf3 Bf4 17. Qc2 d4 18. Bxf4 Rxf4 19. Na4 Qd8 20. Bc4 Kg7 21. Re1 Qd6 22. Rad1 e5 23. Bd3 Bg4 24. Rf1 Rc8 25. Qe2 e4 26. Bxe4 Re8 27. Rfe1 Rfxe4 28. Qd2 Rxe1+ 29. Rxe1 Rxe1+ 30. Nxe1 b5 31. Nc3 Qf6 32. Ne2 Bf5 33. Nd3 Bxd3 0-1

[Event "Mittelfranken-chTB2b 1819"]
[Site "Mittelfranken"]
[Date "2019.02.10"]
[Round "5.6"]
[White "Leonhardt, Frank"]
[Black "Paul, Arthur"]
[Result "0-1"]
[WhiteElo "1812"]
[BlackElo "1800"]
[PlyCount "54"]
[EventDate "2018.10.14"]
[EventType "team-tourn"]
[EventRounds "9"]
[EventCountry "GER"]
[SourceTitle "EXT 2022"]
[Source "ChessBase"]
[SourceDate "2021.10.06"]
[SourceVersion "1"]
[SourceVersionDate "2021.10.06"]
[SourceQuality "1"]
[WhiteTeam "Schwanstetten"]
[BlackTeam "Nuernberg Sued SW III"]
[WhiteTeamCountry "GER"]
[BlackTeamCountry "GER"]

1. e4 d6 2. d4 Nf6 3. Bd3 Nbd7 4. c4 e5 5. Nf3 exd4 6. Nxd4 Nc5 7. Nc3 g6 8. 0-0 Bg7 9. f3 0-0 10. Bg5 h6 11. Be3 Nfd7 12. b3 Ne5 13. Be2 Ne6 14. Qd2 Qh4 15. Rad1 Nxd4 16. Bxd4 f5 17. Bf2 Qe7 18. Nd5 Qf7 19. f4 Nc6 20. exf5 Bxf5 21. c5 dxc5 22. Bc4 Be6 23. Bxc5 Rfe8 24. Rfe1 Rad8 25. b4 b6 26. b5 bxc5 27. bxc6 Bd4+ 0-1

[Event "Landesliga Nord U20 1819"]
[Site "Bayern"]
[Date "2019.02.09"]
[Round "7.2"]
[White "Wild, Michael"]
[Black "Paul, Arthur"]
[Result "1/2-1/2"]
[WhiteElo "1657"]
[BlackElo "1800"]
[PlyCount "35"]
[EventDate "2018.11.17"]
[EventType "team-tourn"]
[EventRounds "7"]
[EventCountry "GER"]
[SourceTitle "EXT 2022"]
[Source "ChessBase"]
[SourceDate "2021.10.06"]
[SourceVersion "1"]
[SourceVersionDate "2021.10.06"]
[SourceQuality "1"]
[WhiteTeam "Kareth Lappersdorf U20"]
[BlackTeam "Nuernberg Sued SW U20"]
[WhiteTeamCountry "GER"]
[BlackTeamCountry "GER"]

1. d4 d5 2. Bf4 Nf6 3. e3 e6 4. Nf3 Bd6 5. Bg3 0-0 6. Nbd2 Bxg3 7. hxg3 Nbd7 8. c3 Re8 9. Bd3 Nf8 10. Qe2 b6 11. e4 dxe4 12. Nxe4 Bb7 13. 0-0-0 Ng6 14. Kb1 Nxe4 15. Bxe4 Bxe4+ 16. Qxe4 Qd5 17. Rhe1 Rad8 18. Ne5 1/2-1/2

[Event "Landesliga Nord U20 1819"]
[Site "Bayern"]
[Date "2018.12.08"]
[Round "3.2"]
[White "Paul, Arthur"]
[Black "Pavlov, Liliane"]
[Result "0-1"]
[WhiteElo "1800"]
[BlackElo "1710"]
[PlyCount "60"]
[EventDate "2018.11.17"]
[EventType "team-tourn"]
[EventRounds "7"]
[EventCountry "GER"]
[SourceTitle "EXT 2022"]
[Source "ChessBase"]
[SourceDate "2021.10.06"]
[SourceVersion "1"]
[SourceVersionDate "2021.10.06"]
[SourceQuality "1"]
[WhiteTeam "Nuernberg Sued SW U20"]
[BlackTeam "Regensburg Bavaria U20 II"]
[WhiteTeamCountry "GER"]
[BlackTeamCountry "GER"]

1. e4 b6 2. d4 Bb7 3. Bd3 e6 4. Nf3 Nf6 5. e5 Nd5 6. c3 c5 7. 0-0 Nc6 8. Re1 cxd4 9. cxd4 Be7 10. Nc3 Ncb4 11. Bb1 Rc8 12. Bd2 Nxc3 13. bxc3 Nd5 14. Qb3 Qc7 15. Be4 0-0 16. Rac1 f5 17. Bb1 Ba6 18. Qa4 Bc4 19. Qd1 Ba3 20. Rc2 Bd3 21. g4 Bxc2 22. Qxc2 Nxc3 23. Qd3 Nxb1 24. Qxb1 Be7 25. g5 Qc2 26. Qb5 Qc6 27. Qd3 Qc4 28. Qe3 Qxa2 29. h4 b5 30. h5 b4 0-1

[Event "Landesliga U20 Nord 1718"]
[Site "Bayern"]
[Date "2018.03.10"]
[Round "7.1"]
[White "Paul, Arthur"]
[Black "Sammet, Dominik"]
[Result "0-1"]
[WhiteElo "1716"]
[BlackElo "1744"]
[PlyCount "94"]
[EventDate "2017.11.18"]
[EventType "team-tourn"]
[EventRounds "7"]
[EventCountry "GER"]
[SourceTitle "EXT 2022"]
[Source "ChessBase"]
[SourceDate "2021.10.06"]
[SourceVersion "1"]
[SourceVersionDate "2021.10.06"]
[SourceQuality "1"]
[WhiteTeam "Nuernberg Sued SW U20"]
[BlackTeam "Regensburg Bavaria U20 II"]
[WhiteTeamCountry "GER"]
[BlackTeamCountry "GER"]

1. e4 c5 2. c3 g6 3. d4 cxd4 4. cxd4 d5 5. e5 Nh6 6. Nf3 Nc6 7. Nc3 Bg7 8. Bd3 Bg4 9. Bb5 Nf5 10. Be3 0-0 11. Be2 e6 12. 0-0 f6 13. exf6 Bxf6 14. Ne5 Bxe2 15. Nxc6 bxc6 16. Nxe2 Nxe3 17. fxe3 Rb8 18. Qc2 Qb6 19. b3 e5 20. Rad1 Rbe8 21. Kh1 exd4 22. exd4 Bxd4 23. Rxf8+ Rxf8 24. Nxd4 Qxd4 25. h3 Qb6 26. Qe2 Rf2 27. Qe8+ Kg7 28. Qe7+ Rf7 29. Qe5+ Kh6 30. Rd4 Qd8 31. Ra4 Qg5 32. Qd4 Rf1+ 33. Kh2 c5 34. h4 cxd4 35. hxg5+ Kxg5 36. Rxd4 Rf5 37. Ra4 Rf7 38. Ra5 Rd7 39. Kg3 Kf5 40. Kf3 h5 41. Rc5 g5 42. Rc2 h4 43. Rd2 g4+ 44. Kf2 d4 45. Rd3 Ke4 46. Ke2 Rf7 47. Rd1 g3 0-1

[Event "Mittelfranken-chTB2b 1718"]
[Site "Mittelfranken"]
[Date "2018.03.04"]
[Round "6.6"]
[White "Deinhard, Erwin"]
[Black "Paul, Arthur"]
[Result "1/2-1/2"]
[WhiteElo "1514"]
[BlackElo "1716"]
[PlyCount "67"]
[EventDate "2017.10.08"]
[EventType "team-tourn"]
[EventRounds "9"]
[EventCountry "GER"]
[SourceTitle "EXT 2022"]
[Source "ChessBase"]
[SourceDate "2021.10.06"]
[SourceVersion "1"]
[SourceVersionDate "2021.10.06"]
[SourceQuality "1"]
[WhiteTeam "Nuernberg Anderssen"]
[BlackTeam "Nuernberg Sued SW III"]
[WhiteTeamCountry "GER"]
[BlackTeamCountry "GER"]

1. e4 c5 2. Nf3 d6 3. d4 cxd4 4. Nxd4 Nf6 5. Nc3 a6 6. Be2 e5 7. Nf5 d5 8. Nxd5 Nxd5 9. Qxd5 Qxd5 10. exd5 Bxf5 11. Bd2 Nd7 12. c4 Bd6 13. 0-0 0-0 14. b4 b6 15. a3 e4 16. Bc3 Rfe8 17. Bd4 a5 18. Bc3 Bg6 19. bxa5 bxa5 20. Bd4 Reb8 21. Rab1 Bxa3 22. Rb5 Rxb5 23. cxb5 Bc5 24. Bxc5 Nxc5 25. Rc1 Nd3 26. Rc6 Nb4 27. Rc5 Rd8 28. b6 Nxd5 29. b7 Ne7 30. Rxa5 Nc6 31. Rc5 Ne7 32. Ra5 Nc6 33. Rc5 Ne7 34. Ra5 1/2-1/2

[Event "Regionalliga Nord-Ost 1718"]
[Site "Bayern"]
[Date "2018.01.21"]
[Round "5.8"]
[White "Paul, Arthur"]
[Black "Vasilache, Catalin"]
[Result "0-1"]
[WhiteElo "1716"]
[BlackElo "1973"]
[PlyCount "70"]
[EventDate "2017.10.22"]
[EventType "team-tourn"]
[EventRounds "9"]
[EventCountry "GER"]
[SourceTitle "EXT 2022"]
[Source "ChessBase"]
[SourceDate "2021.10.06"]
[SourceVersion "1"]
[SourceVersionDate "2021.10.06"]
[SourceQuality "1"]
[WhiteTeam "Nuernberg Sued SW II"]
[BlackTeam "Buechenbach/Roth"]
[WhiteTeamCountry "GER"]
[BlackTeamCountry "GER"]

1. e4 Nf6 2. e5 Nd5 3. d4 d6 4. Nf3 Bg4 5. Bc4 e6 6. 0-0 Be7 7. Nbd2 0-0 8. c3 Nb6 9. Bb3 Bf5 10. Bc2 Bxc2 11. Qxc2 N8d7 12. Re1 dxe5 13. Nxe5 c5 14. dxc5 Nxc5 15. Ne4 Nd5 16. Nf3 h6 17. Nd4 Qc7 18. Qe2 Nxe4 19. Qxe4 Rad8 20. Qg4 Kh7 21. Bd2 a6 22. Rac1 Bd6 23. h3 Bf4 24. Qe2 Kh8 25. Bxf4 Nxf4 26. Qf3 e5 27. Re4 Rxd4 28. cxd4 Qxc1+ 29. Kh2 Qxb2 30. Rxe5 Ng6 31. Re2 Qb6 32. d5 Qd6+ 33. g3 Ne7 34. Rd2 Kg8 35. Qb3 b5 0-1

[Event "Landesliga U20 Nord 1718"]
[Site "Bayern"]
[Date "2017.12.02"]
[Round "3.1"]
[White "Schilay, Lorenz"]
[Black "Paul, Arthur"]
[Result "1-0"]
[WhiteElo "1931"]
[BlackElo "1716"]
[PlyCount "51"]
[EventDate "2017.11.18"]
[EventType "team-tourn"]
[EventRounds "7"]
[EventCountry "GER"]
[SourceTitle "EXT 2022"]
[Source "ChessBase"]
[SourceDate "2021.10.06"]
[SourceVersion "1"]
[SourceVersionDate "2021.10.06"]
[SourceQuality "1"]
[WhiteTeam "Neumarkt U20"]
[BlackTeam "Nuernberg Sued SW U20"]
[WhiteTeamCountry "GER"]
[BlackTeamCountry "GER"]

1. e4 c5 2. c3 d5 3. exd5 Qxd5 4. d4 cxd4 5. cxd4 Nf6 6. Nc3 Qd8 7. Bc4 e6 8. Nf3 Nc6 9. 0-0 Be7 10. Be3 0-0 11. Qe2 a6 12. Rac1 Nd5 13. a3 Nxe3 14. fxe3 Na5 15. Ba2 Bd7 16. Ne5 Nc6 17. Nd3 Bd6 18. Qh5 Ne7 19. Ne4 Bb8 20. Ng5 h6 21. Nxf7 Qe8 22. Nxh6+ gxh6 23. Qxh6 Rf7 24. Bxe6 Bxe6 25. Qxe6 Qf8 26. Rc5 1-0

[Event "Mittelfranken-chTB2b 1718"]
[Site "Mittelfranken"]
[Date "2017.11.19"]
[Round "3.6"]
[White "Brunner, Wolfgang"]
[Black "Paul, Arthur"]
[Result "1-0"]
[WhiteElo "1847"]
[BlackElo "1716"]
[PlyCount "91"]
[EventDate "2017.10.08"]
[EventType "team-tourn"]
[EventRounds "9"]
[EventCountry "GER"]
[SourceTitle "EXT 2022"]
[Source "ChessBase"]
[SourceDate "2021.10.06"]
[SourceVersion "1"]
[SourceVersionDate "2021.10.06"]
[SourceQuality "1"]
[WhiteTeam "Neumarkt"]
[BlackTeam "Nuernberg Sued SW III"]
[WhiteTeamCountry "GER"]
[BlackTeamCountry "GER"]

1. d4 d5 2. Nf3 Nf6 3. c4 c6 4. g3 e6 5. Bg2 Bd6 6. 0-0 Nbd7 7. cxd5 exd5 8. Nc3 0-0 9. Bg5 h6 10. Bxf6 Nxf6 11. Qc2 Re8 12. Nd2 Bc7 13. Rfe1 Bb6 14. Nb3 Bg4 15. Na4 Bc7 16. Nac5 Rb8 17. e3 Qc8 18. Rac1 Bh3 19. Bf3 Bf5 20. Qe2 Ne4 21. Nxe4 Bxe4 22. Nc5 Qf5 23. Nxe4 dxe4 24. Bg2 g6 25. Rc5 Qd7 26. Qc2 Bd6 27. Rc4 Qf5 28. Ra4 a6 29. Qc3 h5 30. Ra5 Qf6 31. h4 Qe7 32. a3 Qc7 33. Rc1 Bxg3 34. fxg3 Qxg3 35. Qe1 Qd6 36. Rg5 Kh7 37. Qg3 Qe6 38. Rcc5 Qb3 39. Qf2 Kg7 40. Qe2 f6 41. Rg3 Kh6 42. Qf1 Qe6 43. Qf4+ Kh7 44. Bh3 f5 45. Bxf5 gxf5 46. Rxf5 1-0

[Event "Mittelfranken-chTB2b 1718"]
[Site "Mittelfranken"]
[Date "2017.10.29"]
[Round "2.6"]
[White "Paul, Arthur"]
[Black "Sippel, Christian"]
[Result "1-0"]
[WhiteElo "1716"]
[BlackElo "1581"]
[PlyCount "83"]
[EventDate "2017.10.08"]
[EventType "team-tourn"]
[EventRounds "9"]
[EventCountry "GER"]
[SourceTitle "EXT 2022"]
[Source "ChessBase"]
[SourceDate "2021.10.06"]
[SourceVersion "1"]
[SourceVersionDate "2021.10.06"]
[SourceQuality "1"]
[WhiteTeam "Nuernberg Sued SW III"]
[BlackTeam "Uttenreuth"]
[WhiteTeamCountry "GER"]
[BlackTeamCountry "GER"]

1. e4 c5 2. c3 Nf6 3. e5 Nd5 4. d4 cxd4 5. cxd4 e6 6. Bc4 Nb6 7. Bb3 d6 8. Nf3 Nc6 9. 0-0 Be7 10. Nc3 0-0 11. Bf4 d5 12. a3 Na5 13. Bc2 Nac4 14. Qd3 g6 15. b4 Bd7 16. Bh6 Re8 17. Nd2 Nxd2 18. Qxd2 Nc4 19. Qf4 Rc8 20. Qg3 Qc7 21. Ba4 Nb6 22. Bxd7 Qxd7 23. Ne2 Rc7 24. h4 Rec8 25. h5 Bf8 26. Bg5 Be7 27. Bf6 Bf8 28. Nf4 Bg7 29. Qg5 h6 30. Qg4 g5 31. Nh3 Kh8 32. f4 Bxf6 33. exf6 Rg8 34. fxg5 hxg5 35. Nxg5 Qe8 36. Qf4 Rc8 37. Nxe6 Kh7 38. Ng5+ Kh8 39. Rae1 Qf8 40. Re7 Rxg5 41. Qxg5 Rc3 42. Re8 1-0

[Event "Mittelfranken-chTB2b 1718"]
[Site "Mittelfranken"]
[Date "2017.10.08"]
[Round "1.6"]
[White "Gueldner, Udo"]
[Black "Paul, Arthur"]
[Result "1/2-1/2"]
[WhiteElo "1788"]
[BlackElo "1716"]
[PlyCount "76"]
[EventDate "2017.10.08"]
[EventType "team-tourn"]
[EventRounds "9"]
[EventCountry "GER"]
[SourceTitle "EXT 2022"]
[Source "ChessBase"]
[SourceDate "2021.10.06"]
[SourceVersion "1"]
[SourceVersionDate "2021.10.06"]
[SourceQuality "1"]
[WhiteTeam "Forchheim SC III"]
[BlackTeam "Nuernberg Sued SW III"]
[WhiteTeamCountry "GER"]
[BlackTeamCountry "GER"]

1. d4 Nf6 2. Nf3 d5 3. e3 Bf5 4. c4 e6 5. Nc3 c6 6. Bd2 Bd6 7. Qb3 Qc8 8. cxd5 exd5 9. Rc1 a6 10. Nh4 Be6 11. Na4 Nbd7 12. Bb4 Bc7 13. Bd3 a5 14. Bd2 0-0 15. Nf5 Qb8 16. h3 Re8 17. 0-0 Ne4 18. Bxe4 dxe4 19. d5 Bxd5 20. Qc2 g6 21. Nd4 f5 22. b3 Bd6 23. Rcd1 Qd8 24. Bc1 Qg5 25. Nc3 f4 26. exf4 Bxf4 27. Bxf4 Qxf4 28. Nxd5 cxd5 29. Qc1 Qe5 30. Qd2 a4 31. Rc1 axb3 32. axb3 Rec8 33. Qb4 e3 34. Rxc8+ Rxc8 35. fxe3 Qxe3+ 36. Kh1 Rc1 37. Rxc1 Qxc1+ 38. Kh2 Qf4+ 1/2-1/2

[Event "Bayernliga U20 1617"]
[Site "Bayern"]
[Date "2017.03.11"]
[Round "6.5"]
[White "Paul, Arthur"]
[Black "Ambach Salazar, Fridolin"]
[Result "1-0"]
[WhiteElo "1694"]
[BlackElo "1550"]
[PlyCount "93"]
[EventDate "2016.11.12"]
[EventType "team-tourn"]
[EventRounds "7"]
[EventCountry "GER"]
[SourceTitle "EXT 2022"]
[Source "ChessBase"]
[SourceDate "2021.10.06"]
[SourceVersion "1"]
[SourceVersionDate "2021.10.06"]
[SourceQuality "1"]
[WhiteTeam "Nuernberg Sued SW U20"]
[BlackTeam "Muenchen SO SK U20"]
[WhiteTeamCountry "GER"]
[BlackTeamCountry "GER"]

1. e4 e5 2. Nf3 Nc6 3. Bb5 a6 4. Ba4 Nf6 5. 0-0 d6 6. Re1 Be7 7. c3 0-0 8. d4 b5 9. Bc2 exd4 10. cxd4 Bg4 11. Nc3 Qd7 12. e5 dxe5 13. dxe5 Qxd1 14. Bxd1 Nd7 15. Bf4 Rfe8 16. h3 Bh5 17. Nd5 Bb4 18. Nxc7 Bxe1 19. Nxa8 Ba5 20. e6 fxe6 21. Nc7 Bxc7 22. Bxc7 e5 23. Bb3+ Bf7 24. Bxf7+ Kxf7 25. Rd1 Nf6 26. Rc1 Nd4 27. Nxd4 exd4 28. Bb6 d3 29. Rd1 Re2 30. Bd4 d2 31. Kf1 Re6 32. Rxd2 Rc6 33. Bxf6 Kxf6 34. Ke2 Ke6 35. Ke3 Ke7 36. a3 Ke6 37. f4 a5 38. g4 b4 39. axb4 axb4 40. Rd4 Rb6 41. b3 Rc6 42. Rc4 Rxc4 43. bxc4 Kd6 44. Kd4 Kc6 45. f5 Kb6 46. g5 Ka5 47. f6 1-0

[Event "Mittelfranken Mitte-ch"]
[Site "Nuremberg"]
[Date "2017.01.08"]
[Round "6"]
[White "Thuerauf, Peter"]
[Black "Paul, Arthur"]
[Result "1/2-1/2"]
[WhiteElo "1842"]
[BlackElo "1380"]
[PlyCount "75"]
[EventDate "2017.01.05"]
[EventType "swiss"]
[EventRounds "7"]
[EventCountry "GER"]
[SourceTitle "EXT 2018"]
[Source "ChessBase"]
[SourceDate "2017.10.13"]
[SourceVersion "1"]
[SourceVersionDate "2017.10.13"]
[SourceQuality "1"]

1. d4 Nf6 2. Nf3 e6 3. c4 Bb4+ 4. Bd2 Bxd2+ 5. Qxd2 0-0 6. Nc3 d5 7. e3 Nbd7 8. cxd5 exd5 9. Bd3 c5 10. 0-0 b6 11. Rac1 Bb7 12. Qc2 a6 13. Qb1 Rc8 14. Ne5 g6 15. Nf3 c4 16. Be2 b5 17. a3 Ne4 18. Nxe4 dxe4 19. Nd2 f5 20. Rfd1 Nb6 21. Qa2 Nd5 22. b3 c3 23. Nf1 Qg5 24. g3 f4 25. h4 Qf5 26. exf4 Nxf4 27. gxf4 Qxf4 28. Bxb5 axb5 29. Ne3 Qxh4 30. b4+ Kg7 31. d5 Qg5+ 32. Ng2 c2 33. Rxc2 Rxc2 34. Qxc2 Bxd5 35. Qd2 Qxd2 36. Rxd2 Bc4 37. Rd4 Re8 38. a4 1/2-1/2

[Event "Mittelfranken Mitte-ch"]
[Site "Nuremberg"]
[Date "2017.01.05"]
[Round "1"]
[White "Erlbeck, Peter"]
[Black "Paul, Arthur"]
[Result "1-0"]
[WhiteElo "2061"]
[BlackElo "1380"]
[PlyCount "47"]
[EventDate "2017.01.05"]
[EventType "swiss"]
[EventRounds "7"]
[EventCountry "GER"]
[SourceTitle "EXT 2018"]
[Source "ChessBase"]
[SourceDate "2017.10.13"]
[SourceVersion "1"]
[SourceVersionDate "2017.10.13"]
[SourceQuality "1"]

1. e4 c5 2. Nc3 d6 3. f4 g6 4. Nf3 Bg7 5. Bc4 e6 6. d3 Ne7 7. 0-0 0-0 8. Qe1 Nbc6 9. Qh4 d5 10. Bb3 Nd4 11. f5 Nxf3+ 12. Rxf3 exf5 13. exd5 a6 14. Bg5 c4 15. dxc4 f6 16. Be3 g5 17. Qh5 Bd7 18. Rh3 h6 19. Bc5 f4 20. Re1 Bxh3 21. Bxe7 Qe8 22. Qxh3 Rf7 23. d6 Rc8 24. d7 1-0

[Event "Bayernliga U20 1617"]
[Site "Bayern"]
[Date "2016.12.10"]
[Round "2.5"]
[White "Paul, Arthur"]
[Black "Braun, Kristin"]
[Result "1-0"]
[WhiteElo "1694"]
[BlackElo "1823"]
[PlyCount "101"]
[EventDate "2016.11.12"]
[EventType "team-tourn"]
[EventRounds "7"]
[EventCountry "GER"]
[SourceTitle "EXT 2022"]
[Source "ChessBase"]
[SourceDate "2021.10.06"]
[SourceVersion "1"]
[SourceVersionDate "2021.10.06"]
[SourceQuality "1"]
[WhiteTeam "Nuernberg Sued SW U20"]
[BlackTeam "Forchheim SC U20"]
[WhiteTeamCountry "GER"]
[BlackTeamCountry "GER"]

1. e4 c5 2. Nf3 d6 3. d3 Nc6 4. g3 Nf6 5. Bg2 g6 6. 0-0 Bg7 7. c3 e5 8. Nbd2 0-0 9. Re1 Be6 10. Nf1 Qc7 11. Ne3 Rfe8 12. h3 Rad8 13. Ng5 b5 14. Nxe6 Rxe6 15. Nd5 Qb7 16. Bg5 Rf8 17. h4 Nd7 18. h5 h6 19. Bd2 Ree8 20. hxg6 fxg6 21. Qg4 Kh7 22. Rf1 Nf6 23. Nxf6+ Rxf6 24. f4 Qc8 25. Qxc8 Rxc8 26. f5 gxf5 27. Rxf5 Rcf8 28. Raf1 Ne7 29. Rxf6 Rxf6 30. Rxf6 Bxf6 31. Bh3 a5 32. a3 Bg5 33. Bxg5 hxg5 34. Bf5+ Nxf5 35. exf5 g4 36. Kf2 Kg7 37. Ke3 d5 38. d4 cxd4+ 39. cxd4 Kf6 40. dxe5+ Kxe5 41. f6 Kxf6 42. Kf4 b4 43. axb4 axb4 44. Kxg4 Ke5 45. Kf3 Kd4 46. g4 Kd3 47. g5 d4 48. g6 Kc2 49. g7 d3 50. g8Q d2 51. Qc4+ 1-0